Prijatý príspevok (dotácia) v čase pandémie a základ dane za rok 2020

Pandémia COVID-19 a skončenie zdaňovacieho obdobia a žiadosť o príspevky. Poskytovanie príspevkov a dotácií u podnikateľov ako zdaniteľný príjem. Daňová strata a preukázateľné daňové výdavky. Povinnosti fyzickej osoby po skončení zdaňovacieho obdobia.

Na minha lista:
Detalhes bibliográficos
Autor principal: Boráková, Marta
Formato: Capítulo de Livro
Idioma:eslovaco
Assuntos:
Tags: Adicionar Tag
Sem tags, seja o primeiro a adicionar uma tag!

MARC

LEADER 00000naa a2200000 4500
001 0273444
005 20210504132246.8
041 0 |a slo 
044 |a SK 
245 1 0 |a Prijatý príspevok (dotácia) v čase pandémie a základ dane za rok 2020  |c Marta Boráková 
520 |a Pandémia COVID-19 a skončenie zdaňovacieho obdobia a žiadosť o príspevky. Poskytovanie príspevkov a dotácií u podnikateľov ako zdaniteľný príjem. Daňová strata a preukázateľné daňové výdavky. Povinnosti fyzickej osoby po skončení zdaňovacieho obdobia. 
610 2 0 |a koronavírus 
610 2 0 |a dane 
610 2 0 |a výdavky daňové 
610 2 0 |a pandémia 
610 2 0 |a osoby fyzické 
610 2 0 |a príspevky štátne 
610 2 0 |a dotácie 
610 2 0 |a podnikatelia 
610 2 0 |a strata daňová 
100 1 |a Boráková, Marta